000 00943nam a2200289 a 4500
999 _c7117
_d7117
001 7117
003 BD - Jhcc
005 20220623134023.0
008 500101s1938 mau b 000 0 eng d
035 _a(BD - Jhcc)7117
040 _aDLC
_cWSU
_dOCL
_dSER
_dOCL
_dEQO
_dBD - Jhcc
041 _aeng
050 0 _aHM19
_b.B27
082 _a570
_bBIE 1985
100 _aBierer, Loretta M.
245 1 0 _aHeath Life science /
_cLoretta M. Bierer, Violetta F. Lien
260 _aBoston ;
_aLondon :
_bD. C. Heath,
_c1985
300 _a2 v. ;
_c25 cm.
500 _aPaged continuously.
500 _aIncludes bibliographies.
505 0 _aI. A history and interpretation of man's ideas about life with his fellows.--II. Sociological trends throughout the world.
650 _aLife sciences--Study and teaching (Secondary)
700 _aLien, Violetta F.
830 0 _aHeath social relations series
942 _2ddc
_cBK
_01